Countries inside the shape of Russia on a World Map - Statistics

General Stats
  • This quiz has been taken 1,323 times
  • The average score is 19 of 20
Answers on the Map
Answers color-coded by a green-red scale on the quiz's map according to % correct below.
 
Answer Stats
Country % Correct
Brazil
98%
Chile
98%
South Africa
98%
Argentina
97%
Bolivia
97%
Madagascar
97%
Paraguay
97%
Peru
97%
Angola
95%
Lesotho
95%
Democratic Republic of the Congo
94%
Mozambique
94%
Namibia
94%
Zimbabwe
94%
Botswana
93%
Zambia
93%
Eswatini
92%
Tanzania
92%
Malawi
91%
Comoros
87%
No matching quizzes found
Score Distribution
Percent of People with Each Score
Percentile by Number Answered
Your Score History
You have not taken this quiz